Ancient calendars and constellations (Record no. 502)

MARC details
000 -LEADER
fixed length control field 00459nam a2200169Ia 4500
003 - CONTROL NUMBER IDENTIFIER
control field IN-BaIIA
008 - FIXED-LENGTH DATA ELEMENTS--GENERAL INFORMATION
fixed length control field 211028s9999 xx 000 0 eng d
040 ## - CATALOGING SOURCE
Transcribing agency IIA Library
080 ## - UNIVERSAL DECIMAL CLASSIFICATION NUMBER
Universal Decimal Classification number 52(091)
Item number PLU
100 ## - MAIN ENTRY--PERSONAL NAME
Personal name Plunket, Emmeline M.
9 (RLIN) 1155
245 #0 - TITLE STATEMENT
Title Ancient calendars and constellations
Statement of responsibility, etc. Emmeline M. Plunket
260 ## - PUBLICATION, DISTRIBUTION, ETC.
Place of publication, distribution, etc. London
Name of publisher, distributor, etc. John Murray
Date of publication, distribution, etc. 1903
300 ## - PHYSICAL DESCRIPTION
Extent xvi, 255p.
650 ## - SUBJECT ADDED ENTRY--TOPICAL TERM
Topical term or geographic name entry element Ancient Calendars
9 (RLIN) 1156
650 ## - SUBJECT ADDED ENTRY--TOPICAL TERM
Topical term or geographic name entry element Constellations
942 ## - ADDED ENTRY ELEMENTS (KOHA)
Koha item type Books
Holdings
Withdrawn status Lost status Damaged status Not for loan Home library Current library Shelving location Date acquired Total Checkouts Full call number Barcode Date last seen Price effective from Koha item type
        IIA Library-Bangalore IIA Library-Kodaikanal General Stacks     52(091)/ PLU 520 05/11/2021   Books

Powered by Koha